[Event "Campeonato de Aragon por Equipos - Division de Honor"]
[Site ""]
[Date "2022.02.19"]
[Round "4.18"]
[White "Portero Garnica, Miguel Angel"]
[Black "Cid Royo, Oscar"]
[Result "1/2-1/2"]
[WhiteElo "2088"]
[BlackElo "2015"]
[PlyCount "0"]
[WhiteTeam "Marcos Frechin"]
[BlackTeam "L'Aurora Estadilla"]
[EventDate "2022.01.29"]

1. e4 c6 2. d4 d5 3. Nc3 g6 4. Bg5 Bg7 5. e5 f6 6. Bf4 Nh6 7. Qd2 g5 8. exf6
exf6 9. Be3 Nf5 10. O-O-O O-O 11. Bd3 Nxe3 12. Qxe3 f5 13. f4 Re8 14. Qh3 g4
15. Qh5 Rf8 16. h3 Nd7 17. Bxf5 Nf6 18. Qg5 h6 19. Qg6 Qd6 20. Nge2 Bxf5 21.
Qxf5 Rae8 22. hxg4 Ne4 23. Qh5 Nf2 24. g5 Nxh1 25. Rxh1 Re6 26. g3 b5 27. gxh6
Rxh6 28. Qf3 Rxh1+ 29. Qxh1 Qe6 30. Qf3 Re8 31. Kd2 a5 32. Nd1 Qd6 33. Qh5 Qe7
34. a3 b4 35. axb4 axb4 36. b3 Qe4 37. c3 bxc3+ 38. Ndxc3 Qe3+ 39. Kc2 Re7 40.
Qg6 Re6 41. Qd3 Qf2 42. Kd2 Bf8 43. Na2 Qf1 44. Nac1 Bb4+ 45. Kc2 Qf2 46. g4
Re4 47. Qa6 Rxd4 48. Qc8+ Bf8 49. Qe6+ Kh7 50. Qf7+ 1/2-1/2

[Event "Campeonato de Aragon por Equipos - Division de Honor"]
[Site ""]
[Date "2022.02.19"]
[Round "4.19"]
[White "Pellicer Cerezuela, Miguel"]
[Black "Miranda Herrera, Jorge Manuel"]
[Result "0-1"]
[WhiteElo "2006"]
[BlackElo "2051"]
[PlyCount "0"]
[WhiteTeam "L'Aurora Estadilla"]
[BlackTeam "Marcos Frechin"]
[EventDate "2022.01.29"]

1. d4 Nf6 2. c4 e6 3. Nf3 b6 4. g3 Bb7 5. Bg2 Bb4+ 6. Bd2 Be7 7. O-O O-O 8. Nc3
Ne4 9. d5 Nxd2 10. Qxd2 d6 11. Rac1 e5 12. e4 Nd7 13. Rfe1 g6 14. b4 Kg7 15.
Na4 a5 16. c5 axb4 17. Nxb6 cxb6 18. c6 Bxc6 19. Rxc6 Nc5 20. h4 Ra4 21. Re2 b5
22. Rxc5 dxc5 23. Nxe5 f6 24. Ng4 Bd6 25. Qh6+ Kg8 26. h5 Qe8 27. Qd2 c4 28. f4
Bc5+ 29. Kh2 c3 30. Qd3 Qc8 31. Bf3 Rxa2 32. Rxa2 b3 33. Ra8 Qxa8 34. Qxc3 Qa2+
35. Kh3 Be7 36. Qc7 Qa3 37. e5 b2 38. exf6 Bxf6 39. Be4 Qe7 40. Qc2 gxh5 41.
Nh6+ Kh8 42. Bf5 Bg7 43. Be6 Bxh6 44. Qxb2+ Qf6 45. Qxb5 h4 46. f5 hxg3 47.
Kxg3 Qg5+ 48. Kh3 Qe3+ 49. Kg4 Bf4 50. Qb2+ Be5 51. Qg2 Rb8 52. Kh5 Qf4 53. f6
Bxf6 54. d6 Qh4# 0-1

[Event "Campeonato de Aragon por Equipos - Division de Honor"]
[Site ""]
[Date "2022.02.19"]
[Round "4.20"]
[White "Moya Gimeno, Raul"]
[Black "Felez Casedas, Carlos"]
[Result "1/2-1/2"]
[WhiteElo "1877"]
[BlackElo "1947"]
[PlyCount "0"]
[WhiteTeam "Marcos Frechin"]
[BlackTeam "L'Aurora Estadilla"]
[EventDate "2022.01.29"]

1. e4 e5 2. Nf3 Nf6 3. Nxe5 d6 4. Nf3 Nxe4 5. Nc3 Nf6 6. d4 d5 7. Bd3 Bg4 8. h3
Bh5 9. O-O Be7 10. Re1 O-O 11. g4 Bg6 12. Bxg6 hxg6 13. g5 Nh5 14. Nxd5 Qxd5
15. Rxe7 Nc6 16. Re1 Rae8 17. Be3 Qf5 18. Kg2 Nf4+ 19. Bxf4 Qxf4 20. Qd3 Re6
21. Rxe6 fxe6 22. Qe3 Qf5 23. Re1 Rf7 24. Qe4 Nxd4 25. Qxf5 Nxf5 26. Rxe6 Re7
27. Rxe7 Nxe7 28. Ne5 Kf8 29. Kf3 Ke8 30. Ke4 c6 31. c4 c5 32. Nd3 b6 33. Nf4
Kd7 34. b3 Kd6 35. h4 Kd7 36. Nd5 Nf5 37. Ne3 Nxh4 38. Ng4 Ke6 39. Ne5 Kd6 40.
a3 a6 41. b4 cxb4 42. axb4 Ke6 43. Nd3 Kd6 44. c5+ bxc5 45. Nxc5 a5 46. Nb7+
Kc6 47. Nxa5+ Kb5 48. Nb7 Kxb4 49. Nd6 Kc3 50. f4 Kd2 51. Ne8 Nf5 52. Nc7 Ke2
53. Ne6 Kf2 54. Nc5 Kg3 55. Nd3 Nh4 56. Ne5 Kf2 57. Ng4+ 1/2-1/2

[Event "Campeonato de Aragon por Equipos - Division de Honor"]
[Site ""]
[Date "2022.02.19"]
[Round "4.21"]
[White "Llanes Luno, Ricardo"]
[Black "Abril Avellanas, Eduardo"]
[Result "1/2-1/2"]
[WhiteElo "2203"]
[BlackElo "2157"]
[PlyCount "0"]
[WhiteTeam "Delicias"]
[BlackTeam "Atletismo Huesca"]
[EventDate "2022.01.29"]

1. e4 g6 2. d4 Bg7 3. Nc3 c6 4. g3 d5 5. exd5 cxd5 6. Bg2 e6 7. Nf3 Nc6 8. Be3
Nge7 9. Qd2 b5 10. Bh6 Bxh6 11. Qxh6 b4 12. Na4 Nf5 13. Qf4 Ba6 14. O-O-O Qa5
15. b3 Be2 16. Rd2 Bxf3 17. Bxf3 O-O-O 18. Re1 Qc7 19. Qxc7+ Kxc7 20. Red1 g5
21. c3 bxc3 22. Nxc3 Rc8 23. Kb2 h5 24. h3 h4 25. g4 Nd6 26. Rc1 Kd7 27. Be2 f5
28. Na4 Ne4 29. Nc5+ Kd6 30. Nxe4+ dxe4 31. d5 Ne5 32. dxe6+ Kxe6 33. gxf5+
Kxf5 34. Rg1 Rhd8 35. Rgd1 Rxd2+ 36. Rxd2 g4 37. hxg4+ Nxg4 38. f3 Ne5 39.
fxe4+ Kxe4 40. Bf1 Rf8 41. Bh3 Ke3 42. Rd5 Nd3+ 43. Kc3 Nf4 44. Re5+ Kf2 45.
Bd7 Rd8 46. Bf5 Nd5+ 47. Kc4 Ne3+ 48. Kc5 Nxf5 49. Rxf5+ Kg2 50. Rh5 h3 51. b4
Rc8+ 52. Kb5 Rc3 53. a4 h2 54. Rxh2+ Kxh2 55. Ka6 Rc4 56. Kxa7 Rxb4 1/2-1/2

[Event "Campeonato de Aragon por Equipos - Division de Honor"]
[Site ""]
[Date "2022.02.19"]
[Round "4.22"]
[White "Salamero Pelay, Fernando"]
[Black "Llanes Luno, Pedro Alfredo"]
[Result "1-0"]
[WhiteElo "2076"]
[BlackElo "2041"]
[PlyCount "0"]
[WhiteTeam "Atletismo Huesca"]
[BlackTeam "Delicias"]
[EventDate "2022.01.29"]

1. e4 c5 2. Nf3 Nc6 3. d4 cxd4 4. Nxd4 g6 5. Nc3 Bg7 6. Be3 Nf6 7. Bc4 O-O 8.
Bb3 d6 9. f3 Bd7 10. Qd2 Nxd4 11. Bxd4 b5 12. h4 h5 13. g4 b4 14. Nd5 hxg4 15.
h5 e5 16. hxg6 Be6 17. Be3 gxf3 18. Bg5 f2+ 19. Qxf2 Bxd5 20. Bxd5 Qa5 21. Bxf6
b3+ 22. c3 Rac8 23. Qh4 1-0

[Event "Campeonato de Aragon por Equipos - Division de Honor"]
[Site ""]
[Date "2022.02.19"]
[Round "4.23"]
[White "Roche Simon, Manuel Angel"]
[Black "Luis Vitalla, Fernando"]
[Result "0-1"]
[WhiteElo "2027"]
[BlackElo "2096"]
[PlyCount "0"]
[WhiteTeam "Delicias"]
[BlackTeam "Atletismo Huesca"]
[EventDate "2022.01.29"]

1. e4 c5 2. Nf3 Nf6 3. Nc3 d5 4. exd5 Nxd5 5. Bb5+ Bd7 6. Ne5 Bxb5 7. Qf3 f6 8.
Nxb5 Na6 9. Nc4 Qd7 10. a4 Nab4 11. Qe4 e6 12. c3 Nc6 13. O-O Be7 14. Re1 Kf7
15. d4 a6 16. Nba3 cxd4 17. cxd4 b5 18. Ne3 f5 19. Qb1 Nxd4 20. Nxd5 Qxd5 21.
Be3 Nb3 22. Ra2 Rhd8 23. Nc2 b4 24. Bb6 Nd2 25. Qd1 Qxa2 0-1

[Event "Campeonato de Aragon por Equipos - Division de Honor"]
[Site ""]
[Date "2022.02.19"]
[Round "4.24"]
[White "Laplaza Ara, Carlos"]
[Black "Fabre Perez, Jose Maria"]
[Result "1/2-1/2"]
[WhiteElo "1932"]
[BlackElo "2009"]
[PlyCount "0"]
[WhiteTeam "Atletismo Huesca"]
[BlackTeam "Delicias"]
[EventDate "2022.01.29"]

1. d4 Nf6 2. c4 g6 3. Nc3 Bg7 4. e4 d6 5. Nf3 O-O 6. Be2 c5 7. O-O cxd4 8. Nxd4
Nc6 9. Be3 Bd7 10. Qd2 Nxd4 11. Bxd4 Bc6 12. f3 a5 13. Nd5 Nd7 14. Bxg7 Kxg7
15. Qd4+ e5 16. Qd2 Nc5 17. Rfd1 Ne6 18. Kh1 Bxd5 19. cxd5 Nd4 20. Rac1 Rc8 21.
Rxc8 Qxc8 22. Rc1 Qd7 23. Bd1 Rc8 24. Kg1 Rxc1 25. Qxc1 Qb5 26. Qc3 h5 27. Kf2
h4 28. h3 g5 29. b3 Qb4 30. Qxb4 axb4 31. Be2 Kf6 32. Bd3 Ke7 33. Ke3 f5 34.
Be2 f4+ 35. Kd3 Nxe2 1/2-1/2

[Event "Campeonato de Aragon por Equipos - Division de Honor"]
[Site ""]
[Date "2022.02.19"]
[Round "4.29"]
[White "Juberias Segura, Santiago"]
[Black "Sacristan Latorre, Alberto"]
[Result "1/2-1/2"]
[WhiteElo "2026"]
[BlackElo "2107"]
[PlyCount "0"]
[WhiteTeam "Utebo San Lamberto"]
[BlackTeam "Palacio De Pioneros B"]
[EventDate "2022.01.29"]

1. c4 c5 2. Nc3 Nc6 3. g3 g6 4. Bg2 Bg7 5. e4 e5 6. Nge2 d6 7. O-O h5 
8. h3 Be6 9.
d3 Qd7 10. h4 Bh3 11. Nd5 Bxg2 12. Kxg2 Nge7 13. Bg5 Nxd5 
14. cxd5 Nd4 15. Nxd4
 cxd4 16. Rc1 O-O 17. Qe2 Rac8 18. Rxc8 Rxc8 19. Rc1 Rxc1 
20. Bxc1 Qc7 21. Qd1  1/2-1/2

[Event "Campeonato de Aragon por Equipos - Division de Honor"]
[Site ""]
[Date "2022.02.19"]
[Round "4.30"]
[White "Colom Sienes, Eduardo"]
[Black "Lopez Guaita, Fernando"]
[Result "1-0"]
[WhiteElo "2081"]
[BlackElo "1828"]
[PlyCount "0"]
[WhiteTeam "Palacio De Pioneros B"]
[BlackTeam "Utebo San Lamberto"]
[EventDate "2022.01.29"]

1. e4 c6 2. Nc3 d5 3. Nf3 Bg4 4. h3 Bxf3 5. Qxf3 dxe4 6. Nxe4 Nd7 7. d4 Ndf6 
8. Nc3
 e6 9. Bd2 Bd6 10. O-O-O Qc7 11. g4 h6 12. h4 Ne7 13. g5 Nfd5 
14. gxh6 Nxc3 15. hxg7
 Nxa2+ 16. Kb1 Rg8 17. Kxa2 Rxg7 18. h5 f5 19. h6 Rh7 
20. Re1 O-O-O 21. Rxe6 Qd7 
22. Bc4 Rf8 23. Rhe1 Kb8 24. Rxd6  1-0

[Event "Campeonato de Aragon por Equipos - Division de Honor"]
[Site ""]
[Date "2022.02.19"]
[Round "4.31"]
[White "Orti Stock, Carlos"]
[Black "Gomez Salinas, Nestor"]
[Result "0-1"]
[WhiteElo "1803"]
[BlackElo "2068"]
[PlyCount "0"]
[WhiteTeam "Utebo San Lamberto"]
[BlackTeam "Palacio De Pioneros B"]
[EventDate "2022.01.29"]

1. b3 e5 2. Bb2 Nc6 3. e3 Nf6 4. Bb5 Bd6 5. Na3 Na5 6. Be2 O-O 7. Nb5 Qe7 
8. Nf3
Re8 9. c4 a6 10. Nxd6 Qxd6 11. d4 Qb4+ 12. Qd2 Qxd2+ 13. Nxd2 d6 
14. dxe5 dxe5 15.
Nf3 Nc6 16. O-O Bg4 17. h3 Bh5 18. g4 Bg6 19. Rfd1 h6 
20. Nh4 Bh7 21. Nf5 Re6 22.
Bf3 Rb8 23. Rd2 Ne7 24. Nxe7+ Rxe7 
25. Rad1 Ree8 26. Kg2 Be4 27. Bxe4 Nxe4 28. Rd7

Rbc8 29. f3 Nf6 30. R7d2 Nh7 
31. Rd5 f6 32. Rd7 Nf8 33. R7d2 Ne6 34. Kg3 Rcd8 35.
Ba3 Rxd2 36. Rxd2 Rd8 
37. Rxd8+ Nxd8 38. f4 exf4+ 39. exf4 Kf7 40. f5 Nc6 41. Bb2

Nb4 42. a3 Nd3 43. Ba1 a5 44. Kf3 c5 45. Bc3 b6 46. Ke3 Nc1 47. b4 a4 48. bxc5 bxc5

49. Ba5 Ke7 50. Bb6 Kd6 51. h4 Nb3 52. Kd3 Nd4 53. g5 fxg5 54. hxg5 Nxf5 55. gxh6

gxh6 56. Bd8 Nd4 57. Bf6 Ke6 58. Bg7 h5 59. Bf8 h4 60. Ke3 Nc2+ 
61. Kf4 Nxa3 62.
Bxc5 Nxc4 63. Kg4 Kd5 64. Bb4 Kd4 65. Kxh4 Ne3 
66. Kg3 Nc2 67. Bf8 Kc3 68. Kf2 Nb4
 69. Ke2 a3 70. Bxb4+ Kxb4 71. Kd1 Kb3 
72. Kc1 a2  0-1

[Event "Campeonato de Aragon por Equipos - Division de Honor"]
[Site ""]
[Date "2022.02.19"]
[Round "4.32"]
[White "Castillo Sanjuan, Daniel"]
[Black "Olivan Lopez, Dario"]
[Result "1-0"]
[WhiteElo "1997"]
[BlackElo "1793"]
[PlyCount "0"]
[WhiteTeam "Palacio De Pioneros B"]
[BlackTeam "Utebo San Lamberto"]
[EventDate "2022.01.29"]

1. e4 d6 2. d4 Nf6 3. Nc3 e5 4. Nf3 Nbd7 5. Bc4 Be7 6. O-O O-O 7. a4 c6 8. Ba2 Qa5

9. Rb1 Rd8 10. b4 Qc7 11. Ng5 Rf8 12. dxe5 dxe5 13. Qd3 Ne8 14. f4 Bf6 15. f5 h6

16. Nh3 Nd6 17. g4 a5 18. b5 Nb6 19. g5 hxg5 20. Bxg5 Rd8 21. Qg3 Kf8 22. Qh4 Ke7

23. Qf2 Rh8 24. Qg3 Ndc4 25. Nf2 Rh5 26. Bc1 Bd7 27. Qd3 Nd6 28. Ba3 Rah8 29. bxc6

Rxh2 30. Bxd6+ Qxd6 31. Qxd6+ Kxd6 32. cxd7 Bd8 33. Rfd1+ Kc6 34. Nb5 Be7 35. Bd5+

Nxd5 36. exd5+ Kxd7 37. d6 Bd8 38. Nc3 Kc6 39. Nce4 Bb6 40. Rxb6+ Kxb6 41. d7 Rxf2

42. Kxf2 Kc7 43. Ng5 Rd8 44. Nxf7 Rxd7 45. Rxd7+ Kxd7 46. Nxe5+ Kc7 47. Ke3 Kd6

48. Kd4 b6 49. c3 Ke7 50. Kd5 Kf6 51. Ke4 Ke7 52. Nc4  1-0

[Event "Campeonato de Aragon por Equipos - Division de Honor"]
[Site ""]
[Date "2022.02.26"]
[Round "5.1"]
[White "Adla Martin, Diego"]
[Black "Romero Pallares, Daniel"]
[Result "1/2-1/2"]
[WhiteElo "2420"]
[BlackElo "2270"]
[PlyCount "0"]
[WhiteTeam "MyInvestor Casablanca"]
[BlackTeam "Palacio De Pioneros A"]
[EventDate "2022.01.29"]

1. e4 c5 2. Nf3 d6 3. Bb5+ Bd7 4. Bxd7+ Nxd7 5. O-O Ngf6 6. Qe2 Rc8 7. c4 g6 8.
Nc3 Bg7 9. Rb1 O-O 10. d3 Ng4 11. Bd2 Nge5 12. Ng5 Nc6 13. f4 Nd4 14. Qf2 e6
15. Kh1 a6 16. Ne2 h6 17. Nf3 Nxe2 18. Qxe2 Qe7 19. b4 b6 20. bxc5 dxc5 21. Rb3
Qd6 22. Rfb1 Rb8 23. e5 Qc6 24. Qe4 Qxe4 25. dxe4 Rfc8 26. a4 Kf8 27. Bc3 h5
28. a5 bxa5 29. Bxa5 Rxb3 30. Rxb3 Rb8 31. Nd2 Rxb3 32. Nxb3 Ke8 33. Kg1 Bh6
34. g3 g5 35. Bd2 gxf4 36. gxf4 a5 37. Nxa5 Nxe5 38. Be3 Nd3 39. Nb3 Nb2 40.
Nxc5 Nxc4 41. Bc1 e5 42. Nd3 exf4 43. Bxf4 Bxf4 44. Nxf4 Nd2 45. Nxh5 1/2-1/2

[Event "Campeonato de Aragon por Equipos - Division de Honor"]
[Site ""]
[Date "2022.02.26"]
[Round "5.2"]
[White "Palacios Herrero, Pablo"]
[Black "Glavina Rossi, Pablo"]
[Result "1-0"]
[WhiteElo "2222"]
[BlackElo "2397"]
[PlyCount "0"]
[WhiteTeam "Palacio De Pioneros A"]
[BlackTeam "MyInvestor Casablanca"]
[EventDate "2022.01.29"]

1. e4 e5 2. Nf3 Nc6 3. Bb5 a6 4. Ba4 Nf6 5. O-O Bc5 6. c3 b5 7. Bc2 d6 8. d4
Ba7 9. a4 Bg4 10. Bd3 O-O 11. axb5 axb5 12. Bxb5 Ne7 13. Re1 Qb8 14. Na3 c6 15.
dxe5 dxe5 16. Bf1 Ng6 17. h3 Be6 18. b4 c5 19. Nb5 cxb4 20. Rxa7 Rxa7 21. Nxa7
Qxa7 22. cxb4 Qb7 23. Qd3 Rc8 24. Qb1 Bc4 25. Bxc4 Rxc4 26. Rd1 h6 27. b5 Nxe4
28. Be3 Rc8 29. Qb2 Nf4 30. Qxe5 Nc3 31. Rd2 Nxh3+ 32. Kh2 Ng5 33. Nxg5 hxg5
34. Bd4 f6 35. Qe6+ Kh7 36. Qh3+ Kg6 37. g4 Qb8+ 38. Kg1 Kf7 39. Bxc3 Qxb5 40.
Qd3 Rc4 41. f3 Qc5+ 42. Bd4 Qc7 43. Bf2 Qc6 44. Qd7+ Qxd7 45. Rxd7+ Kg6 46. Rd5
Rc3 47. Kg2 Rc7 48. Bc5 Rb7 49. Kf2 Kf7 50. Rd6 Rc7 51. Bd4 Kg6 52. Ra6 Rd7 53.
Ke3 Re7+ 54. Kd3 Re8 55. Ra7 Rd8 56. Ra6 Rd7 57. Ke4 Rd8 58. Bc5 Rb8 59. Kd5
Re8 60. Re6 Rb8 61. Kd6 Kf7 62. Re7+ Kg6 63. Re3 Kf7 64. Kc7 Rb5 65. Kc6 Rb8
66. Bb6 Ra8 67. Kd7 Kg6 68. Ke7 Rb8 69. Bd8 Ra8 70. Rd3 Ra7+ 71. Ke8 Kh7 72.
Rd7 Ra3 73. Bxf6 Kg6 74. Bb2 Rxf3 75. Rxg7+ Kh6 76. Rd7 Rf2 77. Bh8 Kg6 78. Ke7
Re2+ 79. Kd8 Rh2 80. Rd6+ Kf7 81. Bc3 Rc2 82. Rf6+ Kg8 83. Rc6 Rf2 84. Rg6+ Kf7
85. Rxg5 Rg2 86. Kd7 Rg3 87. Be5 Rd3+ 88. Bd6 Rd2 89. Kc6 Kf6 90. Rg8 Rg2 91.
Kd5 Rd2+ 92. Kc5 Rg2 93. Kc4 Kf7 94. Rg5 Ke6 95. Bf4 Rf2 96. Be3 Kf6 97. Rb5
1-0

[Event "Campeonato de Aragon por Equipos - Division de Honor"]
[Site ""]
[Date "2022.02.26"]
[Round "5.3"]
[White "Vela Frago, Alberto"]
[Black "Lacruz Algarate, Alvaro"]
[Result "1-0"]
[WhiteElo "2153"]
[BlackElo "2097"]
[PlyCount "0"]
[WhiteTeam "MyInvestor Casablanca"]
[BlackTeam "Palacio De Pioneros A"]
[EventDate "2022.01.29"]

1. c4 e5 2. Nc3 Nc6 3. Nf3 g6 4. d4 exd4 5. Nxd4 Bg7 6. Nxc6 bxc6 7. g3 Rb8 8.
Bg2 Ne7 9. O-O O-O 10. Qc2 d6 11. Rd1 c5 12. b3 Bb7 13. Bxb7 Rxb7 14. Bb2 Nc6
15. e3 Re8 16. Nd5 Nb4 17. Nxb4 Rxb4 18. Bxg7 Kxg7 19. a3 Rb6 20. b4 Qf6 21.
Rab1 Reb8 22. b5 c6 23. bxc6 Rb2 24. Rxb2 Rxb2 25. Rxd6 Qe5 26. Qd3 Ra2 27. Qd5
Qb2 28. Qf3 Qc1+ 29. Kg2 Qxc4 30. Rd7 Ra1 31. Qxf7+ 1-0

[Event "Campeonato de Aragon por Equipos - Division de Honor"]
[Site ""]
[Date "2022.02.26"]
[Round "5.4"]
[White "Garcia Gonzalez, Omar"]
[Black "Sanjulian Arruga, Pablo"]
[Result "1-0"]
[WhiteElo "2057"]
[BlackElo "1888"]
[PlyCount "0"]
[WhiteTeam "Palacio De Pioneros A"]
[BlackTeam "MyInvestor Casablanca"]
[EventDate "2022.01.29"]

1. e4 e5 2. d4 exd4 3. Qxd4 Nc6 4. Qe3 g6 5. Nc3 Bg7 6. Bd2 Nf6 7. O-O-O O-O 8.
Bc4 Ne5 9. Bb3 d5 10. Nxd5 Nxd5 11. Bxd5 c6 12. Bb3 Ng4 13. Qf3 Qb6 14. Nh3 a5
15. a4 Be6 16. Bc3 Ne5 17. Qg3 Bxb3 18. cxb3 Qc7 19. f4 Nd7 20. Bxg7 Kxg7 21.
Qc3+ Kg8 22. e5 Rfc8 23. Ng5 Nb6 24. Qh3 f5 25. g4 fxg4 26. Qxg4 Re8 27. h4
Rad8 28. h5 Rxd1+ 29. Rxd1 Nd5 30. hxg6 hxg6 31. Rh1 Qg7 32. Ne6 Rxe6 33. Qxe6+
Qf7 34. Rh8+ 1-0

[Event "Campeonato de Aragon por Equipos - Division de Honor"]
[Site ""]
[Date "2022.02.26"]
[Round "5.5"]
[White "Del Rey, Diego"]
[Black "Garza Marco, Sergio"]
[Result "0-1"]
[WhiteElo "2370"]
[BlackElo "2396"]
[PlyCount "0"]
[WhiteTeam "El Olivar"]
[BlackTeam "Helios"]
[EventDate "2022.01.29"]

1. d4 f5 2. e4 fxe4 3. Nc3 Nf6 4. Bg5 c6 5. f3 e3 6. Bxe3 d5 7. Qd2 Nbd7 8. g4
e5 9. g5 Nh5 10. O-O-O Bd6 11. Bh3 O-O 12. Bg4 exd4 13. Qxd4 Nf4 14. Nge2 Nxe2+
15. Nxe2 Ne5 16. Bxc8 Qxc8 17. f4 Nc4 18. Bd2 Qc7 19. Rhf1 Rae8 20. Rf2 Re4 21.
Qxa7 Qe7 0-1

[Event "Campeonato de Aragon por Equipos - Division de Honor"]
[Site ""]
[Date "2022.02.26"]
[Round "5.6"]
[White "Eizaguerri Floris, Maria"]
[Black "Villuendas Valero, Adrian"]
[Result "1/2-1/2"]
[WhiteElo "2215"]
[BlackElo "2271"]
[PlyCount "0"]
[WhiteTeam "Helios"]
[BlackTeam "El Olivar"]
[EventDate "2022.01.29"]


1. e4 e6 2. d4 d5 3. Nd2 c5 4. Ngf3 cxd4 5. Nxd4 Nc6 6. Bb5 Bd7 7. Nxc6 bxc6 8.
Bd3 Bd6 9. c4 Ne7 10. O-O Qc7 11. Nf3 O-O 12. Re1 Ng6 13. e5 Nxe5 14. Nxe5 Bxe5
15. Bxh7+ Kxh7 16. Qh5+ Kg8 17. Rxe5 f6 18. Re3 e5 19. Rg3 Be6 20. Bh6 Rf7 21.
cxd5 cxd5 22. Rc1 Qd7 23. h4 Rc8 24. Qd1 Rxc1 25. Bxc1 d4 26. h5 Kh7 27. Qd3+
Bf5 28. Qb3 Qe6 29. Qa4 Rc7 30. Bd2 Qc6 31. Qb4 Rb7 32. Qf8 Qc8 33. Qd6 Qc7 34.
Qf8 Qe7 35. Qa8 Rxb2 36. Bh6 d3 37. Rxg7+ Qxg7 38. Bxg7 Kxg7 39. Qxa7+ Kh6 40.
Qf7 Rb6 41. Qf8+ Kxh5 42. Qd8 Rb1+ 43. Kh2 Kg6 44. g4 Bxg4 45. Qxd3+ Bf5 46.
Qg3+ Kf7 47. Qf3 Kg6 48. a4 Rb4 49. a5 Rh4+ 50. Kg1 Ra4 51. Qc3 Ra2 52. Qg3+
Kh6 53. Qc3 Kg6 54. Qg3+ Kh6 55. Qe3+ Kg6 56. Qe1 Bd3 57. Qd1 e4 58. Qg4+ Kh6
59. Qf4+ Kg6 60. Qg4+ Kh6 61. Qf5 Kg7 62. Qd7+ Kg6 63. Qg4+ 0-1

[Event "Campeonato de Aragon por Equipos - Division de Honor"]
[Site ""]
[Date "2022.02.26"]
[Round "5.7"]
[White "Hernando Garcia, Antonio"]
[Black "Navarro Alonso, Jorge"]
[Result "1/2-1/2"]
[WhiteElo "2133"]
[BlackElo "2199"]
[PlyCount "0"]
[WhiteTeam "El Olivar"]
[BlackTeam "Helios"]
[EventDate "2022.01.29"]


1. c4 e5 2. g3 d6 3. Bg2 c5 4. Nc3 Nc6 5. Nf3 g6 6. O-O Bg7 7. a3 Nge7 8. Rb1
a5 9. Ne1 O-O 10. Nc2 Be6 11. Ne3 Rb8 12. d3 Nd4 13. Bd2 b5 14. Nxb5 Nxb5 15.
cxb5 Rxb5 16. b4 axb4 17. axb4 cxb4 18. Bxb4 Qb6 19. Ba3 Rd8 20. Rxb5 Qxb5 21.
Qb1 Qa6 22. Bb2 Rb8 23. Qa1 Qb6 1/2-1/2

[Event "Campeonato de Aragon por Equipos - Division de Honor"]
[Site ""]
[Date "2022.02.26"]
[Round "5.8"]
[White "Guzman Moneo, Alberto"]
[Black "Galstyan, David"]
[Result "1/2-1/2"]
[WhiteElo "2196"]
[BlackElo "1859"]
[PlyCount "0"]
[WhiteTeam "Helios"]
[BlackTeam "El Olivar"]
[EventDate "2022.01.29"]

1. e4 e5 2. Nf3 Nc6 3. Bb5 Nf6 4. Bxc6 dxc6 5. d3 Bc5 6. O-O Nd7 7. Nbd2 O-O 8.
Nc4 f6 9. c3 Re8 10. d4 Bd6 11. dxe5 Nxe5 12. Nxd6 Nxf3+ 13. Qxf3 Qxd6 14. Re1
Be6 15. Bf4 Qe7 16. Qg3 Rac8 17. b3 Qf7 18. Rad1 b6 19. h3 Re7 20. Rd2 Qg6 21.
Qxg6 hxg6 22. Red1 Rce8 23. Rd8 Kf7 24. h4 Bc8 25. f3 f5 26. e5 Rxd8 27. Rxd8
Re8 1/2-1/2

[Event "Campeonato de Aragon por Equipos - Division de Honor"]
[Site ""]
[Date "2022.02.26"]
[Round "5.9"]
[White "Sacristan Latorre, Alberto"]
[Black "Forcen Esteban, Daniel"]
[Result "0-1"]
[WhiteElo "2107"]
[BlackElo "2558"]
[PlyCount "0"]
[WhiteTeam "Palacio De Pioneros B"]
[BlackTeam "Jaime Casas"]
[EventDate "2022.01.29"]

1. e4 c5 2. c3 Nf6 3. e5 Nd5 4. g3 g6 5. Bg2 Nb6 6. d4 cxd4 7. cxd4 Bg7 8. Ne2
d6 9. exd6 Qxd6 10. O-O O-O 11. Nbc3 Nc6 12. Bf4 Qd8 13. d5 Ne5 14. h3 h6 15.
Qb3 Nbc4 16. Rfd1 Na5 17. Qb4 Bf5 18. d6 exd6 19. Rxd6 Nd3 20. Qb5 a6 21. Rxd8
axb5 22. Rxf8+ Rxf8 23. Nxb5 Nxf4 24. Nxf4 Rd8 25. Re1 Bxb2 26. Nd5 Kf8 27.
Nbc3 Rc8 28. Nb5 Bd3 29. a4 Rd8 30. Re3 Bc4 31. Nb6 Be6 32. Re2 Bf6 33. Nc7 Bb3
34. Ncd5 Bd4 35. h4 h5 36. Re4 Nc6 37. Re1 Rd6 38. Rb1 Na5 39. Nc8 Rc6 40. Nce7
Rc2 41. Rf1 Bc5 42. Nc8 Bc4 43. Rd1 Bxf2+ 44. Kh2 Be2 45. Rb1 Bd4 46. Nf4 Bf3
47. Nb6 Kg7 48. Nbd5 Bg4 49. Rb4 Rd2 50. Rb1 Nc4 51. Re1 Bf2 52. Rf1 Nd6 53.
Rb1 Nf5 54. Rb3 Rd1 55. Rd3 Bg1+ 56. Kh1 Ra1 57. Nc3 Nxg3+ 58. Rxg3 Be3+ 59.
Bf1 Bxf4 60. Rg1 Be3 0-1

[Event "Campeonato de Aragon por Equipos - Division de Honor"]
[Site ""]
[Date "2022.02.26"]
[Round "5.10"]
[White "Ramiro Ovejero, Juan Luis"]
[Black "Colom Sienes, Eduardo"]
[Result "1-0"]
[WhiteElo "2324"]
[BlackElo "2081"]
[PlyCount "0"]
[WhiteTeam "Jaime Casas"]
[BlackTeam "Palacio De Pioneros B"]
[EventDate "2022.01.29"]

1. d4 Nf6 2. Nf3 g6 3. Bg5 Bg7 4. Nbd2 d5 5. e3 O-O 6. Be2 Nc6 7. O-O Ne4 8.
Nxe4 dxe4 9. Nd2 h6 10. Bh4 g5 11. Bg3 f5 12. f4 gxf4 13. Bxf4 Nxd4 14. exd4
Qxd4+ 15. Kh1 e5 16. c3 Qd6 17. Bg3 f4 18. Bh4 Bf5 19. Nb3 Qc6 20. Bg4 Bg6 21.
Qd7 Qxd7 22. Bxd7 Bf6 23. Bxf6 Rxf6 24. Rad1 e3 25. Bg4 Rff8 26. Nc5 Rae8 27.
Rfe1 e4 28. g3 h5 29. Bd7 Re5 30. Nb3 e2 31. Rxe2 e3 32. gxf4 Rxf4 33. Bh3 Be4+
34. Bg2 Bf5 35. Rde1 Bg4 36. Rxe3 1-0

[Event "Campeonato de Aragon por Equipos - Division de Honor"]
[Site ""]
[Date "2022.02.26"]
[Round "5.12"]
[White "Modrego Oro, Aurelio"]
[Black "Castillo Sanjuan, Daniel"]
[Result "0-1"]
[WhiteElo "1082"]
[BlackElo "1997"]
[PlyCount "0"]
[WhiteTeam "Jaime Casas"]
[BlackTeam "Palacio De Pioneros B"]
[EventDate "2022.01.29"]


1. c4 e5 2. Nc3 Nc6 3. d3 d6 4. g3 g6 5. Bg2 Bg7 6. Be3 f5 7. Rc1 Nf6 8. a3 O-O
9. b4 f4 10. Bd2 Ng4 11. Nf3 fxg3 12. hxg3 Nd4 13. Bg5 Nxf3+ 14. exf3 Qxg5 15.
Ne4 Nxf2 16. Kxf2 Qe7 17. Qd2 c6 18. Rh2 d5 19. Nc3 Be6 20. c5 b6 21. Rch1 h6
22. Ne2 bxc5 23. f4 exf4 24. gxf4 cxb4 25. axb4 Rab8 26. d4 Qxb4 27. Qe3 Bg4
28. Bf3 Rbe8 29. Qc3 Rxe2+ 0-1

[Event "Campeonato de Aragon por Equipos - Division de Honor"]
[Site ""]
[Date "2022.02.26"]
[Round "5.13"]
[White "Baron Rodriguez, Jesus"]
[Black "Llanes Luno, Ricardo"]
[Result "1-0"]
[WhiteElo "2405"]
[BlackElo "2203"]
[PlyCount "0"]
[WhiteTeam "IberCaja"]
[BlackTeam "Delicias"]
[EventDate "2022.01.29"]

1. e4 c5 2. Nf3 e6 3. d4 cxd4 4. Nxd4 a6 5. Bd3 Qc7 6. O-O Nf6 7. Qe2 d6 8. c4
Nc6 9. Nxc6 bxc6 10. Nc3 Be7 11. Be3 e5 12. Rac1 O-O 13. b4 Qb7 14. Rc2 Be6 15.
f3 d5 16. cxd5 cxd5 17. exd5 Nxd5 18. Nxd5 Bxd5 19. Rb1 e4 20. fxe4 Bxe4 21.
Bxe4 Qxe4 22. Bf2 Qf5 23. Rb3 Bd6 24. Rc6 Rfe8 25. Qf3 Qe5 26. g3 Bf8 27. Kg2
Qe4 28. a3 h6 29. Rbc3 Qxf3+ 30. Kxf3 f6 31. Bc5 Bxc5 32. R3xc5 Kh7 33. Rc7
Rad8 34. Rc3 Rd6 35. Ra7 Re5 36. h4 h5 37. Re3 Rf5+ 38. Ke2 Kg6 39. Ree7 Rfd5
40. Rxg7+ Kf5 41. Rae7 Rd1 42. Rh7 R6d2+ 43. Ke3 Rd3+ 44. Kf2 Ra1 45. Rxh5+ Kg4
46. Ra5 Rf3+ 47. Ke2 Ra2+ 48. Ke1 Rb3 49. Rd5 Kh3 50. Re2 Ra1+ 51. Rd1 Raxa3
52. h5 Rxg3 53. Rdd2 Rg1+ 54. Kf2 Rg2+ 55. Kf1 Ra1+ 56. Re1 Rg1+ 57. Kxg1 Rxe1+
58. Kf2 Re5 59. h6 Rh5 {Tiempo} 1-0